Escenas de la vida bohemia /

Nacido en 1822 y muerto en 1861, el novelista francés Henri Murger es autor de la colección de relatos "Escenas de juventud", la novela "El sueco rojo", "El país latino" y "Los bebedores de agua", entre otras obras, pero su nombre es recordado especialmente por estas "Escenas de la vida bohemia", cu...

תיאור מלא

שמור ב:
מידע ביבליוגרפי
מחבר ראשי: Murger, Henry (autor)
פורמט: ספר
שפה:ספרדית
יצא לאור: Madrid, España : Espasa-Calpe, 1924, c1924
סדרה:(Colección Universal ; 908-910, 911-912)
נושאים:
תגים: הוספת תג
אין תגיות, היה/י הראשונ/ה לתייג את הרשומה!

MARC

LEADER 00000nam^a2200000^a^4500
001 000108930
005 20250521000000.0
009 20260526122431.59
037 |a Acervo ITESO - Biblioteca 
041 |a ESP 
082 |a 843.  |b MUR 
100 |a Murger, Henry  |e (autor) 
240 1 1 |a [Escenas de la vida bohemia] 
245 1 0 |a Escenas de la vida bohemia /  |c H. Murger ; tr. por Josefina Gallego de Dantín. 
264 4 |a Madrid, España :  |b Espasa-Calpe,  |c 1924, c1924 
300 |a 2 v. 
336 |a texto  |b txt  |2 rdacontenido 
337 |a sin mediación  |b n  |2 rdamedio 
338 |a volumen  |b nc  |2 rdasoporte 
440 1 |a (Colección Universal ;  |v 908-910, 911-912) 
500 |a Traducción de: Scènes de la vie de bohème 
520 |a Nacido en 1822 y muerto en 1861, el novelista francés Henri Murger es autor de la colección de relatos "Escenas de juventud", la novela "El sueco rojo", "El país latino" y "Los bebedores de agua", entre otras obras, pero su nombre es recordado especialmente por estas "Escenas de la vida bohemia", cuya difusión se vio favorecida años más tarde por la ópera "La Bohemia", con música de Giacomo Puccini. 
649 |a XX 
650 |a Novela Francesa 
650 |a Literatura Francesa -  |y Siglo XIX 
650 |a Bohemios en la Literatura 
910 |a Fondo Jesús Rodríguez 
920 |a Impresos - Libros 
930 |a Fondos Especiales 
940 |a Literatura 
905 |a 113 
901 |a 0500044651  |b IT2  |c ESP  |u 20250521 
901 |a 0500044652  |b IT2  |c ESP  |u 20250521 
902 |a https://opac.biblio.iteso.mx/vufind/Record/000108930